000
00250nam a2200097Ia 4500
001
657868
005
20250826154624.0
008
250824s9999 xx 000 0 und d
245
0
_a
GENÇLİĞİM ANTİK
_c
TOLSTOY
260
_b
ANTİK DÜNYA KLASİKLERİ
999
_c
657868
_d
657868